[Event "Titled Tuesday 2026.05.26"]
[Site "chess.com INT"]
[Date "2026.05.26"]
[Round "9"]
[White "Kazakouski, Valery"]
[Black "Keleberda, Tymur"]
[Result "1-0"]
[WhiteElo "2584"]
[BlackElo "2357"]
[WhiteFideId "-1"]
[BlackFideId "-1"]
[PlyCount "67"]
[GameId "2316327587948504"]
[EventDate "2026.05.26"]
[EventType "swiss (blitz)"]
[EventRounds "11"]
[EventCountry "NET"]
[SourceTitle "Mega2026 Update 31"]
[Source "Chessbase"]
[SourceDate "2026.06.04"]
[SourceVersion "1"]
[SourceVersionDate "2026.06.04"]
[SourceQuality "1"]

1. e4 c5 2. d4 cxd4 3. Qxd4 Nc6 4. Qd3 Nf6 5. Nc3 g6 6. Nf3 d6 7. Be2 {7.Nd5 might become the main line. 7.Sd5 könnte zur Hauptfortsetzung werden.} Bg7 8. O-O Bg4 9. Bg5 $5 {[%mdl 4] Leaves trodden paths. Verlässt die ausgetretenen Pfade.} Bxf3 $146 (9... Nd7 10. h3 Nc5 11. Qe3 Bxf3 12. Bxf3 Nd4 13. Bd1 h6 14. Bh4 Nde6 15. Rb1 g5 16. Bg3 {1-0 Kosteniuk,A (2501)-Sahithi Varshini,M (2181) Wch Rapid (Women) Samarkand 2023 (2)}) 10. Qxf3 Nd4 11. Qd3 Nxe2+ 12. Qxe2 O-O 13. Rad1 h6 14. Be3 Qa5 15. Bd4 Rfc8 16. f4 Ng4 17. Bxg7 Kxg7 18. Qxg4 Qb6+ 19. Kh1 Qxb2 20. Nd5 e6 21. Ne3 Rc3 22. Qf3 Qa3 23. Rde1 Re8 24. Qd1 Qc5 25. Qd2 Ra3 26. c4 f6 27. Rf3 Kf7 28. Qb2 Qa5 29. Ra1 b6 30. Ng4 Rxf3 31. Qxf6+ Kg8 32. Qxg6+ Kf8 33. Qf6+ Kg8 34. gxf3 1-0

[Event "Titled Tuesday 2026.05.26"]
[Site "chess.com INT"]
[Date "2026.05.26"]
[Round "10"]
[White "Keleberda, Tymur"]
[Black "Stanojevic, Ilija"]
[Result "1-0"]
[WhiteElo "2357"]
[BlackElo "2239"]
[WhiteFideId "-1"]
[BlackFideId "-1"]
[PlyCount "89"]
[GameId "2316327588083907"]
[EventDate "2026.05.26"]
[EventType "swiss (blitz)"]
[EventRounds "11"]
[EventCountry "NET"]
[SourceTitle "Mega2026 Update 31"]
[Source "Chessbase"]
[SourceDate "2026.06.04"]
[SourceVersion "1"]
[SourceVersionDate "2026.06.04"]
[SourceQuality "1"]

1. e4 c5 2. Nf3 Nc6 3. Bd3 g6 4. O-O Bg7 5. c3 Nf6 6. Bc2 O-O 7. Qe2 d6 8. h3 a6 9. d4 cxd4 10. cxd4 d5 11. e5 Ne4 12. Nc3 Nxc3 13. bxc3 f6 14. Re1 fxe5 15. Nxe5 Nxe5 16. dxe5 Bf5 17. Bb3 e6 18. c4 dxc4 19. Bxc4 b5 20. Bb3 Kh8 21. Ba3 Rf7 22. Rad1 Qh4 23. Bc5 Rc8 24. Rd4 Qg5 25. h4 Qh6 26. Bd6 g5 27. g4 Qxh4 28. Kg2 Rc3 29. Rh1 Bxg4 30. Qe3 Bf3+ 31. Qxf3 Qxh1+ 32. Kxh1 Rcxf3 33. Bxe6 Ra7 34. Kg2 Rf4 35. Rxf4 gxf4 36. Kf3 h5 37. Kxf4 Kh7 38. Kg5 Bh6+ 39. Kxh5 Rg7 40. Bf5+ Kh8 41. Kxh6 Rg2 42. f4 Kg8 43. Be6+ Kh8 44. Be7 a5 45. Bf6+ 1-0

[Event "Titled Tuesday 2026.05.26"]
[Site "chess.com INT"]
[Date "2026.05.26"]
[Round "11"]
[White "Schnaider, Ilan"]
[Black "Keleberda, Tymur"]
[Result "0-1"]
[WhiteElo "2431"]
[BlackElo "2357"]
[WhiteFideId "-1"]
[BlackFideId "-1"]
[PlyCount "138"]
[GameId "2316327588178269"]
[EventDate "2026.05.26"]
[EventType "swiss (blitz)"]
[EventRounds "11"]
[EventCountry "NET"]
[SourceTitle "Mega2026 Update 31"]
[Source "Chessbase"]
[SourceDate "2026.06.04"]
[SourceVersion "1"]
[SourceVersionDate "2026.06.04"]
[SourceQuality "1"]

1. e4 e6 2. d4 d5 3. Nc3 Nf6 4. Bg5 dxe4 5. Nxe4 Be7 6. Bd3 Nxe4 7. Bxe7 Qxe7 8. Bxe4 c5 9. Nf3 Nc6 10. Bxc6+ bxc6 11. O-O O-O 12. dxc5 Qxc5 13. c3 Rb8 14. Qc2 e5 15. Rfe1 f6 16. h3 Be6 17. b3 Bf7 18. c4 a5 19. Rad1 a4 20. Nh4 axb3 21. axb3 Rb7 22. Re3 Rfb8 23. Red3 Qa5 24. Rd7 Rxd7 25. Rxd7 Re8 26. Nf5 e4 27. Nd6 Qa1+ 28. Kh2 Qe5+ 29. g3 Be6 30. Rxg7+ Kxg7 31. Nxe8+ Kf8 32. Nc7 Qxc7 33. Qxe4 Bc8 34. b4 Kg7 35. h4 Qd7 36. Qe3 Qh3+ 37. Kg1 Be6 38. Qa7+ Kg6 39. Qe7 Qf5 40. Qe8+ Bf7 41. Qxc6 Qb1+ 42. Kh2 Qxb4 43. c5 Qd4 44. Kg1 Qd1+ 45. Kh2 Bd5 46. Qe8+ Kf5 47. Qd7+ Ke5 48. Qe7+ Kd4 49. Qxf6+ Kxc5 50. Qc3+ Kb5 51. Qb2+ Ka4 52. f3 Qxf3 53. Qd4+ Kb5 54. Qb2+ Kc6 55. Qc1+ Kd7 56. Qg1 Be4 57. Qd4+ Ke6 58. Qg1 Bd5 59. Qe1+ Kf7 60. Qg1 Kg6 61. Qb1+ Be4 62. Qg1 Kh6 63. Qb6+ Kh5 64. Qc5+ Kg6 65. Qg5+ Kf7 66. Qf4+ Qxf4 67. gxf4 Kg6 68. Kg3 Kf5 69. Kf2 h5 0-1

[Event "Thursday 2026.05.28 2nd"]
[Site "chess.com INT"]
[Date "2026.05.28"]
[Round "1"]
[White "Keleberda, Tymur"]
[Black "Garcia Correa, Jose Ricardo"]
[Result "1-0"]
[WhiteElo "2357"]
[BlackElo "2103"]
[WhiteFideId "-1"]
[BlackFideId "-1"]
[PlyCount "99"]
[GameId "2316327588814206"]
[EventDate "2026.05.28"]
[EventType "swiss (blitz)"]
[EventRounds "11"]
[EventCountry "NET"]
[SourceTitle "Mega2026 Update 31"]
[Source "Chessbase"]
[SourceDate "2026.06.04"]
[SourceVersion "1"]
[SourceVersionDate "2026.06.04"]
[SourceQuality "1"]

1. e4 e5 2. Nf3 Nc6 3. Bc4 Bc5 4. c3 Qf6 5. d4 exd4 6. O-O d3 7. e5 Qg6 8. Bxd3 Qh5 9. b4 Bb6 10. a4 a6 11. Nbd2 Nge7 12. Nc4 Ba7 13. Bf4 Ng6 14. Bg3 O-O 15. b5 Nce7 16. Qc2 Bc5 17. Rad1 axb5 18. axb5 Rd8 19. Be4 Nf8 20. Rfe1 Ne6 21. Qb3 Ra7 22. Ne3 Bxe3 23. Rxe3 b6 24. Qb4 Nc5 25. Bc2 Ra2 26. Re2 Ra7 27. Red2 Bb7 28. Qh4 Bxf3 29. gxf3 Qxh4 30. Bxh4 Re8 31. f4 Ng6 32. Bg3 h5 33. h4 Re7 34. Kg2 Ra3 35. Re1 Rxc3 36. f5 Nf8 37. Re3 Rxe3 38. fxe3 g6 39. Bf4 gxf5 40. Bxf5 Nfe6 41. Kf3 Re8 42. Rg2+ Kf8 43. Bc2 Ra8 44. Bh6+ Ke7 45. Bd1 Ra3 46. Be2 Nd3 47. Ke4 Nec5+ 48. Kf5 Ra4 49. Bg5+ Ke8 50. Bf6 1-0

[Event "Thursday 2026.05.28 2nd"]
[Site "chess.com INT"]
[Date "2026.05.28"]
[Round "2"]
[White "Gokerkan, Cem Kaan"]
[Black "Keleberda, Tymur"]
[Result "1-0"]
[WhiteElo "2507"]
[BlackElo "2357"]
[WhiteFideId "-1"]
[BlackFideId "-1"]
[PlyCount "73"]
[GameId "2316327588834713"]
[EventDate "2026.05.28"]
[EventType "swiss (blitz)"]
[EventRounds "11"]
[EventCountry "NET"]
[SourceTitle "Mega2026 Update 31"]
[Source "Chessbase"]
[SourceDate "2026.06.04"]
[SourceVersion "1"]
[SourceVersionDate "2026.06.04"]
[SourceQuality "1"]

1. e4 c5 2. c3 d5 3. exd5 Qxd5 4. d4 e6 5. Nf3 Nf6 6. Na3 Nc6 7. Nb5 Qd8 8. dxc5 Bxc5 9. Qxd8+ Kxd8 10. Bf4 Nd5 11. O-O-O Ke7 12. Bg3 a6 13. Nbd4 Nxd4 14. Nxd4 Bd7 15. Bc4 Rac8 16. Bxd5 exd5 17. Rhe1+ Kf6 18. Nb3 Be6 19. Be5+ Kg6 20. Nxc5 Rxc5 21. Rd3 Rc4 22. Bd4 Rg8 23. Re5 h6 24. f4 Rc6 25. f5+ Kh7 26. fxe6 fxe6 27. Rde3 Rf8 28. Rxe6 Rf1+ 29. Re1 Rxe6 30. Rxf1 Kg6 31. Kd2 b5 32. Rf3 b4 33. Rg3+ Kh5 34. Rxg7 a5 35. Bf2 bxc3+ 36. bxc3 a4 37. g4# 1-0

[Event "Thursday 2026.05.28 2nd"]
[Site "chess.com INT"]
[Date "2026.05.28"]
[Round "3"]
[White "Keleberda, Tymur"]
[Black "Alvarado, Carlos"]
[Result "1-0"]
[WhiteElo "2357"]
[BlackElo "2016"]
[WhiteFideId "-1"]
[BlackFideId "-1"]
[PlyCount "59"]
[GameId "2316327588871642"]
[EventDate "2026.05.28"]
[EventType "swiss (blitz)"]
[EventRounds "11"]
[EventCountry "NET"]
[SourceTitle "Mega2026 Update 31"]
[Source "Chessbase"]
[SourceDate "2026.06.04"]
[SourceVersion "1"]
[SourceVersionDate "2026.06.04"]
[SourceQuality "1"]

1. e4 c6 2. d4 d5 3. e5 Bf5 4. h4 h6 5. g4 Be4 6. f3 Bh7 7. e6 Qd6 8. exf7+ Kxf7 9. Bd3 Bxd3 10. Qxd3 Nd7 11. f4 Ngf6 12. Nf3 Qe6+ 13. Ne5+ Nxe5 14. fxe5 Nxg4 15. Rf1+ Ke8 16. Bf4 h5 17. Nd2 g6 18. Nf3 Qf5 19. Qxf5 gxf5 20. Ke2 e6 21. Ng5 Kd7 22. Rac1 b5 23. b3 c5 24. c4 bxc4 25. bxc4 dxc4 26. Rfd1 Kc6 27. Nxe6 Rb8 28. d5+ Kb5 29. Rb1+ Ka4 30. Rxb8 1-0

[Event "Thursday 2026.05.28 2nd"]
[Site "chess.com INT"]
[Date "2026.05.28"]
[Round "4"]
[White "Keleberda, Tymur"]
[Black "Sjugirov, Sanan"]
[Result "0-1"]
[WhiteElo "2357"]
[BlackElo "2565"]
[WhiteFideId "-1"]
[BlackFideId "-1"]
[PlyCount "116"]
[GameId "2316327588945484"]
[EventDate "2026.05.28"]
[EventType "swiss (blitz)"]
[EventRounds "11"]
[EventCountry "NET"]
[SourceTitle "Mega2026 Update 31"]
[Source "Chessbase"]
[SourceDate "2026.06.04"]
[SourceVersion "1"]
[SourceVersionDate "2026.06.04"]
[SourceQuality "1"]

1. e4 c5 2. Nf3 Nc6 3. Bb5 e6 4. O-O Nge7 5. b3 a6 6. Be2 Ng6 7. Bb2 d6 8. d4 cxd4 9. Nxd4 Bd7 10. Nxc6 Bxc6 11. Nd2 e5 12. c4 Be7 13. Bg4 O-O 14. Qf3 Bg5 15. Rad1 Nh4 16. Qe2 f5 17. exf5 Bxg2 18. Ne4 Bxf1 19. Kxf1 Nxf5 20. Bxf5 Rxf5 21. Nxd6 Rf8 22. Qxe5 Qe7 23. Qd5+ Kh8 24. Nf5 Rxf5 25. Qxf5 Rf8 26. Qg4 Qf7 27. f3 Qxf3+ 28. Qxf3 Rxf3+ 29. Kg2 Rf7 30. Rd5 h6 31. Bd4 Kh7 32. Kg3 Kg6 33. h4 Be7 34. h5+ Kh7 35. Kg4 Bg5 36. Be5 Re7 37. Kf5 Rf7+ 38. Kg4 g6 39. hxg6+ Kxg6 40. Rd6+ Kh7 41. c5 Be3 42. b4 h5+ 43. Kh4 Bf2+ 44. Kh3 Be1 45. a3 Rf5 46. Bh2 Rf7 47. Rd5 Kg6 48. Kg2 Bc3 49. Bg3 Bb2 50. Rd3 Kf5 51. Bf2 Ke4 52. Re3+ Kd5 53. Rh3 Rf5 54. Rd3+ Kc4 55. Rd7 Bxa3 56. Rxb7 Bxb4 57. c6 Bd6 58. Bg3 Rg5 0-1

[Event "Thursday 2026.01.15 2nd"]
[Site "chess.com INT"]
[Date "2026.01.15"]
[Round "1"]
[White "Keleberda, Tymur"]
[Black "Lazavik, Denis"]
[Result "0-1"]
[WhiteElo "2381"]
[BlackElo "2605"]
[WhiteFideId "-1"]
[BlackFideId "-1"]
[PlyCount "88"]
[GameId "2268155045885954"]
[EventDate "2026.01.15"]
[EventType "swiss (blitz)"]
[EventRounds "11"]
[EventCountry "NET"]
[SourceTitle "Mega2026 Update 22"]
[Source "Chessbase"]
[SourceDate "2026.04.03"]
[SourceVersion "1"]
[SourceVersionDate "2026.04.03"]
[SourceQuality "1"]

1. e4 c5 2. Nf3 e6 3. h3 Nc6 4. Nc3 Nf6 5. e5 Nd5 6. Bc4 Nxc3 7. dxc3 Be7 8. O-O O-O 9. Qe2 a6 10. Rd1 b5 11. Bd3 c4 12. Be4 Bb7 13. Bf4 h6 14. Qe3 f5 15. exf6 Bxf6 16. Bd6 Be7 17. Bxe7 Qxe7 18. Nd4 Rac8 19. Rd2 Rc7 20. Re1 Nd8 21. Nf3 Bxe4 22. Qxe4 Nc6 23. a4 Qf6 24. axb5 axb5 25. Qe3 Rb7 26. Qc5 Qf5 27. Qd6 Qf6 28. Rde2 Qe7 29. Qg3 b4 30. Nd4 Qc5 31. Nxc6 Qxc6 32. cxb4 Rxb4 33. c3 Rb5 34. Re4 Rxb2 35. Rg4 Rf7 36. Rf4 Rxf4 37. Qxf4 Rb5 38. Ra1 Rf5 39. Qb8+ Rf8 40. Qe5 Qd5 41. Qxd5 exd5 42. Ra7 d4 43. Rc7 d5 44. Rc5 dxc3 0-1

[Event "Thursday 2026.01.15 2nd"]
[Site "chess.com INT"]
[Date "2026.01.15"]
[Round "2"]
[White "Meirkhanuly, Akylzhan"]
[Black "Keleberda, Tymur"]
[Result "1-0"]
[WhiteElo "1919"]
[BlackElo "2381"]
[WhiteFideId "-1"]
[BlackFideId "-1"]
[PlyCount "81"]
[GameId "2268155045910591"]
[EventDate "2026.01.15"]
[EventType "swiss (blitz)"]
[EventRounds "11"]
[EventCountry "NET"]
[SourceTitle "Mega2026 Update 22"]
[Source "Chessbase"]
[SourceDate "2026.04.03"]
[SourceVersion "1"]
[SourceVersionDate "2026.04.03"]
[SourceQuality "1"]

1. d4 d5 2. Nf3 e6 3. b3 Nf6 4. Bb2 b6 5. e3 Bb7 6. Bd3 Be7 7. O-O O-O 8. Nbd2 c5 9. Ne5 a5 10. a4 Qc7 11. Rc1 Ba6 12. c4 dxc4 13. Ndxc4 Nc6 14. Nxc6 Qxc6 15. Ne5 Qb7 16. Qe2 Bxd3 17. Nxd3 cxd4 18. Bxd4 b5 19. Nc5 Bxc5 20. Bxc5 Rfb8 21. Bd6 Rd8 22. Be5 Rd5 23. Bxf6 gxf6 24. h3 bxa4 25. bxa4 Kh8 26. Qf3 Qe7 27. e4 Re5 28. Rfd1 Rg8 29. Kh2 Reg5 30. g3 f5 31. e5 Qa7 32. Rb1 Qc5 33. Rb5 Qc7 34. Rb7 Qxe5 35. Rxf7 R5g6 36. Rdd7 Rh6 37. Rde7 Qa1 38. Ra7 e5 39. Qxf5 Rxh3+ 40. Qxh3 Qb1 41. Rxh7+ 1-0

[Event "Thursday 2026.01.15 2nd"]
[Site "chess.com INT"]
[Date "2026.01.15"]
[Round "3"]
[White "Keleberda, Tymur"]
[Black "Storn, Justin T"]
[Result "1-0"]
[WhiteElo "2381"]
[BlackElo "2054"]
[WhiteFideId "-1"]
[BlackFideId "-1"]
[PlyCount "139"]
[GameId "2268155045931118"]
[EventDate "2026.01.15"]
[EventType "swiss (blitz)"]
[EventRounds "11"]
[EventCountry "NET"]
[SourceTitle "Mega2026 Update 22"]
[Source "Chessbase"]
[SourceDate "2026.04.03"]
[SourceVersion "1"]
[SourceVersionDate "2026.04.03"]
[SourceQuality "1"]

1. e4 e6 2. d3 d5 3. Nd2 Nf6 4. Ngf3 c5 5. g3 Nc6 6. Bg2 Be7 7. O-O Qc7 8. Qe2 b5 9. e5 Nd7 10. Re1 a5 11. c4 dxc4 12. dxc4 b4 13. a4 Bb7 14. Nf1 O-O-O 15. h4 h6 16. Bf4 Rhg8 17. g4 g5 18. hxg5 hxg5 19. Bg3 Kb8 20. Rad1 Nd4 21. Nxd4 Bxg2 22. Kxg2 cxd4 23. Rxd4 Nc5 24. Red1 Qc6+ 25. Qf3 Qxf3+ 26. Kxf3 Nxa4 27. b3 Nc5 28. Rxd8+ Rxd8 29. Rxd8+ Bxd8 30. Nd2 a4 31. bxa4 b3 32. Ke2 Ba5 33. Nb1 Kc7 34. f3 Kc6 35. Bf2 Nxa4 36. Bd4 Bb6 37. Kd3 Ba5 38. Ke4 Nc5+ 39. Ke3 Na4 40. Kd3 Nc5+ 41. Ke2 Na4 42. Nd2 Bxd2 43. Kxd2 Kb7 44. Kd3 Ka6 45. Be3 Ka5 46. Bxg5 b2 47. Kc2 Kb4 48. c5 Kc4 49. c6 Nc3 50. Kxb2 Nb5 51. Bd8 Kd5 52. c7 Na7 53. Kc3 Kxe5 54. Be7 Kf4 55. g5 Nc8 56. Bf6 Kxf3 57. Kd4 Kf4 58. Kc5 Kf5 59. Kc6 Kg6 60. Kd7 Na7 61. Bd4 Kxg5 62. Bxa7 e5 63. c8=Q Kf4 64. Qc5 f5 65. Qe3+ Kg4 66. Qxe5 f4 67. Bb8 Kg3 68. Qxf4+ Kg2 69. Ke6 Kh3 70. Qg3# 1-0

[Event "Thursday 2026.01.15 2nd"]
[Site "chess.com INT"]
[Date "2026.01.15"]
[Round "4"]
[White "Klepek, Witold"]
[Black "Keleberda, Tymur"]
[Result "0-1"]
[WhiteElo "2295"]
[BlackElo "2381"]
[WhiteFideId "-1"]
[BlackFideId "-1"]
[PlyCount "92"]
[GameId "2268155045951648"]
[EventDate "2026.01.15"]
[EventType "swiss (blitz)"]
[EventRounds "11"]
[EventCountry "NET"]
[SourceTitle "Mega2026 Update 22"]
[Source "Chessbase"]
[SourceDate "2026.04.03"]
[SourceVersion "1"]
[SourceVersionDate "2026.04.03"]
[SourceQuality "1"]

1. c4 c5 2. Nf3 Nf6 3. Nc3 Nc6 4. g3 d5 5. cxd5 Nxd5 6. Bg2 Nc7 7. O-O e5 8. a3 Be7 9. b4 f6 10. b5 Nd4 11. a4 Be6 12. d3 Nd5 13. Nxd5 Bxd5 14. Nd2 Bxg2 15. Kxg2 Qd5+ 16. Kg1 O-O 17. Ba3 Rfd8 18. Nc4 Ne6 19. Ne3 Qd7 20. Qc1 Kh8 21. Ra2 b6 22. Qc4 Nd4 23. Kg2 Qe6 24. h4 Qxc4 25. Nxc4 Kg8 26. h5 Kf7 27. f3 Rdb8 28. Rb1 a6 29. bxa6 Rxa6 30. Rab2 Rxa4 31. Rxb6 Rxb6 32. Rxb6 Nxe2 33. Rb7 Ke6 34. Rb6+ Kf7 35. Rb7 Ke6 36. Rb6+ Kf5 37. Rb7 Bf8 38. g4+ Kg5 39. Kf2 Nf4 40. Rf7 Nxd3+ 41. Kg3 Rxc4 42. Rxf8 Rc3 43. Ra8 Rc2 44. Ra7 g6 45. Rd7 Nf4 46. hxg6 Rg2# 0-1

[Event "Thursday 2026.01.15 2nd"]
[Site "chess.com INT"]
[Date "2026.01.15"]
[Round "5"]
[White "Keleberda, Tymur"]
[Black "Kopczynski, Michal"]
[Result "0-1"]
[WhiteElo "2381"]
[BlackElo "2225"]
[WhiteFideId "-1"]
[BlackFideId "-1"]
[PlyCount "68"]
[GameId "2268155045972176"]
[EventDate "2026.01.15"]
[EventType "swiss (blitz)"]
[EventRounds "11"]
[EventCountry "NET"]
[SourceTitle "Mega2026 Update 22"]
[Source "Chessbase"]
[SourceDate "2026.04.03"]
[SourceVersion "1"]
[SourceVersionDate "2026.04.03"]
[SourceQuality "1"]

1. e4 b6 2. d4 Bb7 3. f3 e6 4. c4 Nf6 5. Nc3 d5 6. cxd5 exd5 7. e5 Nfd7 8. f4 c5 9. Nf3 Nc6 10. Be3 cxd4 11. Nxd4 Bc5 12. Be2 Ndxe5 13. Nxc6 Nxc6 14. Bxc5 bxc5 15. Qxd5 Qxd5 16. Nxd5 O-O-O 17. Nc3 Nd4 18. Bg4+ f5 19. Bd1 Rhe8+ 20. Kf2 Ne6 21. Kg3 Rd2 22. Bf3 Bxf3 23. gxf3 Rxb2 24. Rhe1 Kd7 25. Rad1+ Nd4 26. Re5 Rxe5 27. fxe5 Ke6 28. f4 Rc2 29. Rd3 Rxc3 30. Rxc3 Ne2+ 31. Kf3 Nxc3 32. Ke3 Nxa2 33. Kd3 Nb4+ 34. Kc4 Nd5 0-1

[Event "Ontario op"]
[Site "Toronto CAN"]
[Date "2026.05.15"]
[Round "1.6"]
[White "Keleberda, Tymur"]
[Black "Woltery, Nicolai"]
[Result "1-0"]
[WhiteElo "2357"]
[BlackElo "2084"]
[WhiteFideId "-1"]
[BlackFideId "-1"]
[PlyCount "53"]
[GameId "2310188427423744"]
[EventDate "2026.05.15"]
[EventType "swiss"]
[EventRounds "7"]
[EventCountry "CAN"]

1. Nf3 d5 2. c4 e6 3. d4 Nf6 4. Nc3 Be7 5. Bf4 O-O 6. e3 Nbd7 7. c5 c6 8. h4 b6 9. b4 a5 10. a3 Ba6 11. Bxa6 Rxa6 12. b5 cxb5 13. c6 Qc8 14. c7 b4 15. Nb5 a4 16. Rc1 Ne4 17. Ng5 Ndf6 18. f3 Nc3 19. Nxc3 bxc3 20. Rxc3 b5 21. Qc2 b4 22. Be5 g6 23. h5 bxc3 24. hxg6 fxg6 25. Rxh7 Qe8 26. c8=Q Nxh7 27. Qxe8 1-0

[Event "Ontario op"]
[Site "Toronto CAN"]
[Date "2026.05.16"]
[Round "2.6"]
[White "Gavrilin, Roman"]
[Black "Keleberda, Tymur"]
[Result "0-1"]
[WhiteElo "2156"]
[BlackElo "2357"]
[WhiteFideId "-1"]
[BlackFideId "-1"]
[PlyCount "68"]
[GameId "2310509400838144"]
[EventDate "2026.05.15"]
[EventType "swiss"]
[EventRounds "7"]
[EventCountry "CAN"]

1. e4 c5 2. Nf3 d6 3. d4 cxd4 4. Nxd4 Nf6 5. Nc3 a6 6. f3 e5 7. Nb3 Be7 8. Be3 Be6 9. Qd2 O-O 10. O-O-O Nbd7 11. g4 b5 12. g5 Nh5 13. Kb1 Nb6 14. Nd5 Nxd5 15. exd5 Bd7 16. Na5 Qc7 17. Bd3 f5 18. gxf6 Bxf6 19. Be4 Nf4 20. Rhg1 Rac8 21. Nc6 Bh4 22. Nb4 a5 23. Nd3 Ng6 24. Bg5 Bf5 25. Rg2 Rf7 26. Rdg1 Bxg5 27. Qxg5 Rcf8 28. a3 b4 29. axb4 axb4 30. Re1 Bxe4 31. fxe4 Qc4 32. Qd2 Nh4 33. Rg3 Nf3 34. Rxf3 Rxf3 0-1

[Event "Ontario op"]
[Site "Toronto CAN"]
[Date "2026.05.16"]
[Round "3.3"]
[White "Keleberda, Tymur"]
[Black "Liang, Jason"]
[Result "1/2-1/2"]
[WhiteElo "2357"]
[BlackElo "2440"]
[WhiteFideId "-1"]
[BlackFideId "-1"]
[PlyCount "107"]
[GameId "2310507962245120"]
[EventDate "2026.05.15"]
[EventType "swiss"]
[EventRounds "7"]
[EventCountry "CAN"]

1. e4 c5 2. Nf3 e6 3. Bd3 Nc6 4. O-O g5 5. c3 Bg7 6. Na3 h5 7. Bb5 g4 8. Ne1 Nge7 9. f3 Qc7 10. d3 d5 11. Be3 a6 12. Bxc5 g3 13. Bxc6+ Qxc6 14. Be3 gxh2+ 15. Kxh2 e5 16. Qb3 b5 17. Nac2 Be6 18. Qb4 Qd7 19. a4 Nc6 20. Qa3 bxa4 21. Bc5 Bh6 22. Rh1 dxe4 23. fxe4 Bb3 24. Ne3 Bxe3 25. Bxe3 Rg8 26. Kg1 Qg4 27. Qc5 Rg6 28. Bf2 f5 29. Rh4 Qg5 30. exf5 Qxf5 31. Qe3 Rd8 32. Qh3 Rg5 33. Be3 Qxh3 34. Rxh3 Rf5 35. Rg3 Ne7 36. Rg5 Rd6 37. Rc1 Rxg5 38. Bxg5 Nc6 39. Be3 Kf7 40. Kf2 Rf6+ 41. Nf3 Rd6 42. Ke2 Ke8 43. Rh1 Bf7 44. Rh4 Bg6 45. Ne1 e4 46. dxe4 Re6 47. Nd3 Rxe4 48. Rxe4+ Bxe4 49. g3 Na5 50. Nc5 Bc6 51. Kf2 Nc4 52. Bc1 Bb5 53. Kf3 Kf7 54. Kf4 1/2-1/2

[Event "Ontario op"]
[Site "Toronto CAN"]
[Date "2026.05.17"]
[Round "4.3"]
[White "Razin, Vadim"]
[Black "Keleberda, Tymur"]
[Result "1/2-1/2"]
[WhiteElo "2329"]
[BlackElo "2357"]
[WhiteFideId "-1"]
[BlackFideId "-1"]
[PlyCount "121"]
[GameId "2310781498052608"]
[EventDate "2026.05.15"]
[EventType "swiss"]
[EventRounds "7"]
[EventCountry "CAN"]

1. d4 d5 2. Nf3 Nf6 3. c4 e6 4. Nc3 Be7 5. Bg5 O-O 6. e3 h6 7. Bh4 Nbd7 8. Qc2 c5 9. cxd5 Nxd5 10. Bxe7 Nxe7 11. Be2 cxd4 12. Nxd4 Nf6 13. O-O Bd7 14. Qb3 Qa5 15. Bf3 Rab8 16. Rfd1 Rfc8 17. a3 a6 18. Qb4 Qxb4 19. axb4 Rc4 20. b5 e5 21. Nc2 axb5 22. Be2 Rc5 23. Nb4 Nc6 24. Nd3 Rc4 25. Nc1 Rb4 26. b3 Bf5 27. Ra2 Rc8 28. Nxb5 Bg4 29. f3 Be6 30. Rad2 Bxb3 31. Nxb3 Rxb3 32. Bc4 Rb4 33. Bxf7+ Kf8 34. Nd6 Rd8 35. Ba2 Ra8 36. h3 Rd8 37. Kf2 h5 38. g4 g5 39. gxh5 Nxh5 40. Ne4 Rxd2+ 41. Rxd2 Ke7 42. Bd5 Nf6 43. Nxf6 Kxf6 44. Be4 Ke7 45. Kg3 Nd8 46. Kg4 Nf7 47. Rd3 Ke6 48. Kh5 Kf6 49. Rd7 b5 50. Rb7 Nd6 51. Rb6 Ke7 52. Kxg5 Nxe4+ 53. fxe4 Rxe4 54. h4 Rxe3 55. h5 Rg3+ 56. Kf5 Rh3 57. h6 Kf7 58. Rxb5 Rh5+ 59. Ke4 Rh4+ 60. Kf5 Rh5+ 61. Ke4 1/2-1/2

[Event "Ontario op"]
[Site "Toronto CAN"]
[Date "2026.05.15"]
[Round "5.1"]
[White "Keleberda, Tymur"]
[Black "Preotu, Razvan"]
[Result "1/2-1/2"]
[WhiteElo "2357"]
[BlackElo "2483"]
[WhiteFideId "-1"]
[BlackFideId "-1"]
[PlyCount "145"]
[GameId "2309919027585024"]
[EventDate "2026.05.15"]
[EventType "swiss"]
[EventRounds "7"]
[EventCountry "CAN"]

1. e4 c6 2. d4 d5 3. exd5 cxd5 4. Bd3 Nc6 5. c3 Nf6 6. h3 e5 7. dxe5 Nxe5 8. Nf3 Nxd3+ 9. Qxd3 Bd6 10. O-O O-O 11. Bg5 h6 12. Bh4 g5 13. Bg3 Bxg3 14. fxg3 g4 15. hxg4 Qb6+ 16. Qd4 Qxd4+ 17. Nxd4 Nxg4 18. Nd2 Bd7 19. N2f3 Rfe8 20. Rfe1 Kg7 21. Ne2 Re4 22. Nd2 Re7 23. Nf4 Rae8 24. Rxe7 Rxe7 25. Nf3 Nf6 26. Rd1 Ba4 27. Rf1 Bc2 28. Nd4 Bg6 29. Rd1 a6 30. Nf3 Be4 31. Re1 Kf8 32. Rd1 Kg7 33. Re1 Re8 34. Rd1 Kh7 35. Rd4 Rg8 36. Kf2 Ng4+ 37. Ke2 Re8 38. Kd2 Nf6 39. Rb4 b5 40. a4 Rg8 41. axb5 axb5 42. Rxb5 Rxg3 43. Ke2 Rg4 44. Ke3 Rg8 45. Rb6 Kg7 46. Kd4 Re8 47. Rb7 Bxf3 48. gxf3 Re1 49. Nd3 Rd1 50. Ke3 Ne8 51. Rd7 Nf6 52. Ra7 Ne8 53. Ne5 Nd6 54. Rd7 Kf6 55. Rxd6+ Kxe5 56. Rxh6 Re1+ 57. Kd2 Rf1 58. Ke2 Rc1 59. Rb6 f5 60. Rb4 f4 61. Rd4 Rc2+ 62. Rd2 Rc1 63. Kf2 Ke6 64. Kg2 Ke5 65. Kh2 Rf1 66. Re2+ Kf5 67. Kg2 Rc1 68. Rf2 Kg5 69. Rd2 Kh4 70. Re2 Kg5 71. Rd2 Kh4 72. Kh2 Rf1 73. Kg2 1/2-1/2

[Event "Ontario op"]
[Site "Toronto CAN"]
[Date "2026.05.18"]
[Round "6.3"]
[White "Keleberda, Tymur"]
[Black "Sambuev, Bator"]
[Result "1-0"]
[WhiteElo "2357"]
[BlackElo "2434"]
[WhiteFideId "-1"]
[BlackFideId "-1"]
[PlyCount "47"]
[GameId "2311179399217152"]
[EventDate "2026.05.15"]
[EventType "swiss"]
[EventRounds "7"]
[EventCountry "CAN"]

1. e4 c5 2. Nf3 Nc6 3. Bb5 g6 4. Bxc6 bxc6 5. d4 Bg7 6. dxc5 Qa5+ 7. Nbd2 Ba6 8. Rb1 Qxa2 9. b4 Bb5 10. Rb3 h6 11. e5 a5 12. Nd4 Ba6 13. b5 cxb5 14. Qf3 Ra7 15. Ra3 Qxa3 16. Qxa3 Bxe5 17. Qe3 Bb8 18. Bb2 Rh7 19. O-O Kf8 20. Ra1 Nf6 21. N2f3 a4 22. c6 Nd5 23. Qe4 e6 24. Ne5 1-0

[Event "Ontario op"]
[Site "Toronto CAN"]
[Date "2026.05.18"]
[Round "7.2"]
[White "Noritsyn, Nikolay"]
[Black "Keleberda, Tymur"]
[Result "1/2-1/2"]
[WhiteElo "2453"]
[BlackElo "2357"]
[WhiteFideId "-1"]
[BlackFideId "-1"]
[PlyCount "93"]
[GameId "2311225201057792"]
[EventDate "2026.05.15"]
[EventType "swiss"]
[EventRounds "7"]
[EventCountry "CAN"]

1. e4 c5 2. Nf3 Nc6 3. Bb5 e6 4. O-O Nge7 5. d4 Nxd4 6. Nxd4 cxd4 7. Qxd4 a6 8. Be2 Nc6 9. Qc3 Qc7 10. Nd2 b5 11. a4 b4 12. Qh3 Be7 13. Bd3 a5 14. Nb3 O-O 15. f4 Ba6 16. Be3 f5 17. Rad1 Rf6 18. Rfe1 Rh6 19. Qf3 Bb7 20. Qf2 fxe4 21. Bxe4 Rf8 22. g3 Rh5 23. Qe2 g6 24. Qd3 Nb8 25. Nd4 Bxe4 26. Qxe4 Rc8 27. Rd2 Bf6 28. Bf2 Bxd4 29. Bxd4 Rd5 30. Red1 Nc6 31. Bf2 Ne7 32. Rxd5 Nxd5 33. Rd2 Rf8 34. Bd4 Rf5 35. Qe2 Qc6 36. Qb5 g5 37. Qb8+ Kf7 38. h4 gxh4 39. Rh2 h5 40. Qh8 hxg3 41. Rxh5 Rxh5 42. Qxh5+ Ke7 43. Qg5+ Ke8 44. Qg8+ Ke7 45. Qg5+ Ke8 46. Qg8+ Ke7 47. Qg5+ 1/2-1/2